000 00352nam a22001217a 4500
999 _c3585
_d3585
005 20201208114543.0
008 201208b ||||| |||| 00| 0 eng d
020 _a0340655607
040 _cCML
245 _aDeveloping Writing 3-13.
_cBeard R.
260 _aLondon
_bHodder and Stoughton
_c2000
942 _2ddc
_cBK
_e1st Edition
_h305
_mBEA